Elementos de geometría analítica /

Guardado en:
Autor Principal: Smith, Percey F
Otros Autores: Sullivan, Gale Arthur
Formato: Libro
Publicado: Buenos Aires : Nigar, 1980
Edición:4a. ed.
Materias:
Etiquetas: Agregar Etiqueta
Sin Etiquetas, Sea el primero en etiquetar este registro!
LEADER 00710nam a22002415a 4500
001 CEM.cems006018
005 20060214000000.0
008 130507s1980##################000#0#####d
003 CEMS
082 0 4 |a 516 
100 1 |a Smith, Percey F 
245 1 0 |a Elementos de geometría analítica / 
250 |a 4a. ed. 
260 |a Buenos Aires :  |b Nigar,  |c 1980 
300 |a 421 p. 
505 0 |a ficies particulares; Superficies, curvas y ecuaciónes 
653 |a Conicas 
653 |a Coordenadas cartesianas 
653 |a Coordenadas polares 
653 |a Ecuacion de la recta 
653 |a Ecuaciones parametricas 
700 1 |a Sullivan, Gale Arthur 
859 |a CEMS  |b BIB. CEMS - 11 de abril  |h 516  |i Sm63a4  |p 11742.83  |t Ej.1